00392nam a2200181Ia 4500003000900000008004100009040001300050040001300063041000800076100001500084100000800099245004900107250001000156260001200166300001200178490001300190490000700203IT-RoPAU120407s9999 xx 000 0 und d aIT-RoPAU cIT-RoPAU afra aBenedictus csan a"La règle de saint Benoìt capitoli 8-73" aParis aDu Cerf c19,5 cm aS.C.,182 v26